Normal view
MARC view
Entry Personal Name
001 - CONTROL NUMBER
- control field: 167110
003 - CONTROL NUMBER IDENTIFIER
- control field: OSt
005 - DATE AND TIME OF LATEST TRANSACTION
- control field: 20220923222607.0
008 - FIXED-LENGTH DATA ELEMENTS
- fixed length control field: 220923|| aca||aabn | a|a d
040 ## - CATALOGING SOURCE
- Original cataloging agency: OSt
- Transcribing agency: OSt
100 ## - HEADING--PERSONAL NAME
- Personal name: प्रसाद, सिदे्वेश्वर; भाटिया, हरिवंश, संपा
670 ## - SOURCE DATA FOUND
- Source citation: Work cat.: (OSt)356957: प्रसाद, सिदे्वेश्वर; भाटिया, हरिवंश, संपा., विचार प्रवाह, 1976
